000 00552nam a22001932 4500
001 0000006005
005 20170406121146.0
008 150702s xx 000 0 eng d
020 _c$
040 _aYour Holding Symbol
_cYour Holding Symbol
100 1 _aClifford James.
245 1 0 _aEighteenth-century english literature :
_bmodern essays in criticism.
250 _a ed.
260 _aNew york :
_bA Galaxy book,
_c1959.
300 _a351 p. ;
_c cm.
504 _aindex.
650 0 _aenglish literature.
908 _a150702
999 _c5764
_d5764